000 01021nam a2200277 i 4500
001 bg
100 1 _aMisner, Stacia.
245 1 0 _aMicrosoft SQL Server 2005 Reporting Services :
_bkrok po kroku /
_cStacia Misner ; Hitachi Consulting ; [przekł. Natalia Chounlamany].
246 _iTyt. oryg.:
_aMicrosoft SQL Server 2005 reporting services step by step
260 _aWarszawa :
_bAPN Promise,
_c2006.
300 _aXVI, 550 s. :
_brys. ;
_c24 cm +
_eCD ROM.
500 _aTyt. oryg.: "Microsoft SQL Server 2005 reporting services step by step".
504 _aIndeks.
650 9 _aSQL Server
655 _aPodręczniki
700 1 _aChounlamany, Natalia.
_eTł.
710 0 _aHitachi Consulting
020 _a8388440810
040 _cBPK
041 1 _apol
_heng
080 _a004.42:004.652](07)
920 _a83-88440-81-0
942 _cKS
008 s pl f |000 0 pol
999 _c52668
_d52668
856 _uhttp://koha.tu.koszalin.pl/cgi-bin/koha/opac-detail.pl?biblionumber=52668
_yKatalog online BPK